E-mail marketing

Pojem e-mail marketing. Výhody a nevýhody e-mail marketingu. Predajný e-mail. Zásady copywritingu v e-mailoch. Spam. Opt-in databáza. E-maily od potenciálnych zákazníkov. Testovanie a meranie v e-mail marketingu.

Enregistré dans:
Détails bibliographiques
Auteur principal: Hriciga, Andrej
Format: Chapitre de livre
Langue:slovaque
Sujets:
Tags: Ajouter un tag
Pas de tags, Soyez le premier à ajouter un tag!

MARC

LEADER 00000naa$a2200000$$$4500
001 0096957
005 20240522080039.9
041 0 |a slo 
044 |a SK 
245 1 0 |a E-mail marketing  |c Andrej Hriciga 
520 |a Pojem e-mail marketing. Výhody a nevýhody e-mail marketingu. Predajný e-mail. Zásady copywritingu v e-mailoch. Spam. Opt-in databáza. E-maily od potenciálnych zákazníkov. Testovanie a meranie v e-mail marketingu. 
610 2 0 |a marketing 
610 2 0 |a pošta elektronická 
610 2 0 |a direct mailing 
610 2 0 |a komunikácia elektronická 
100 1 |a Hriciga, Andrej